000 00268nam a22001217a 4500
040 _cSK
082 _a639
100 _aNA
245 _aUtilizing different aquatic resources for livelihoods in asia
260 _aPHILIPPINES
_bNA
_c2001
300 _a403p.
942 _cEK
999 _c9647
_d9647